[Event "Nordic School-ch U20"]
[Site "Oslo"]
[Date "2003.10.10"]
[Round "2"]
[White "Stubberud, Ornulf A"]
[Black "Jensen, Martin Sung"]
[Result "1-0"]
[WhiteElo "1906"]
[BlackElo "1464"]
[PlyCount "57"]
[EventDate "2003.10.??"]
[EventType "team"]
[EventRounds "5"]
[EventCountry "NOR"]
[SourceTitle "EXT 2005"]
[Source "ChessBase"]
[SourceDate "2004.11.15"]
[SourceVersion "1"]
[SourceVersionDate "2004.11.15"]
[SourceQuality "1"]

1. e4 c6 2. d4 d5 3. f3 e6 4. Nc3 Ne7 5. Nge2 Ng6 6. Be3 Nd7 7. Qd2 Be7 8. g3 Nb6 9. Nc1 Bd7 10. Bd3 Rc8 11. Nb3 Bb4 12. Nc5 Qc7 13. a3 Bxc3 14. Qxc3 Na8 15. 0-0-0 b6 16. Na6 Qb7 17. h4 Nc7 18. Nxc7+ Qxc7 19. Ba6 Rb8 20. h5 b5 21. hxg6 Qb6 22. Rxh7 Rg8 23. Bf4 Ra8 24. gxf7+ Kxf7 25. Bd6 Qxa6 26. Qe3 Rh8 27. Qf4+ Kg6 28. Rdh1 e5 29. R1h6+ 1-0